000 009890000a22002650004500
001 52530
010 _a978-989-95705-8-0
021 _aPT
_b325456/11
100 _a20180105d2018 k y0pory5003 ba
101 0 _apor
102 _aPT
200 1 _aO que é que se passa aqui?
_fManuela Micaelo
_gil. Raquel Pinheiro
210 _a[Cascais]
_cCercica
_d2011
215 _a39, [2] p.
_cmuito il.
_e+ 1 DVD
606 _92108
_aLiteratura infantojuvenil
_xConto
675 _a821.134.3-34
_vBN
_zpor
675 _a087.5-053.4
_vBN
_zpor
700 1 _931750
_aMicaelo
_bManuela
_f1967-
702 1 _936695
_4440
_aPinheiro
_bRaquel
_f1976-
801 _aPT
_c20180105
856 _uhttp://www.editoracercica.com/manuela-micaelo
_zmais informação
859 _uhttps://img.wook.pt/images/o-que-e-que-se-passa-aqui-manuela-micaelo/MXwxMTg3NjQ5Mnw3NDQ3ODM0fDEzODM1MjMyMDAwMDA=/260x
_zcapa
090 _a52530
942 _cMON
_n0
999 _a52530